LIBRARY & INFORMATION CENTRE, KCAET, TAVANUR

ONLINE PUBLIC ACCESS CATALOGUE (OPAC)

Objective Food Science (Record no. 13660)

MARC details
000 -LEADER
fixed length control field 00363nam a22001457a 4500
020 ## - INTERNATIONAL STANDARD BOOK NUMBER
ISBN 9788183601917
082 ## - DEWEY DECIMAL CLASSIFICATION NUMBER
Classification number 664.
Item number SHA/OB
100 ## - MAIN ENTRY--AUTHOR NAME
Personal name Sharma, Sanjeev Kumar
100 ## - MAIN ENTRY--AUTHOR NAME
Personal name Kalwit, Harshad Kiran
245 ## - TITLE STATEMENT
Title Objective Food Science
250 ## - EDITION STATEMENT
Edition statement 6 th Rev. enlarged
260 ## - PUBLICATION, DISTRIBUTION, ETC. (IMPRINT)
Place of publication New Delhi
Name of publisher Jain Brothers
Year of publication 2014-15
300 ## - PHYSICAL DESCRIPTION
Number of Pages 884
942 ## - ADDED ENTRY ELEMENTS (KOHA)
Koha item type Books
Holdings
Withdrawn status Lost status Damaged status Collection code Home library Current library Shelving location Date acquired Source of acquisition Cost, normal purchase price Full call number Accession Number Koha item type
Withdrawn     Reference KAUAET KAUAET Reference 31/03/2012 Universal Research Books, Thrissur 295.00 664.01 SHA/OB 22579 Reference
        KAUAET KAUAET General Stacks 11/07/2016 Aman Book Stall, Calicut 395.00 664. SHA/OB 24943 Books
        KAUAET KAUAET General Stacks 11/07/2016 Aman Book Stall, Calicut 395.00 664. SHA/OB 24944 Books
        KAUAET KAUAET General Stacks 24/03/2017 Penta Book Distributors 425.00 664. SHA/OB 25198 Books
        KAUAET KAUAET General Stacks 24/03/2017 Penta Book Distributors 425.00 664. SHA/OB 25199 Books
        KAUAET KAUAET General Stacks 24/03/2017 Penta Book Distributors 425.00 664. SHA/OB 25200 Books
free website counter